International Journal of Social Research Methodology

Enregistré dans:
Détails bibliographiques
Format: Publication en série
Langue:anglais
Publié: London Taylor & Francis
Tags: Ajouter un tag
Pas de tags, Soyez le premier à ajouter un tag!

MARC

LEADER 00000nas1a2200000 4500
001 0243945
005 20250701092102.7
022 |a 1464-5300 
022 |a 1364-5579 
041 0 |a eng 
044 |a GB 
245 1 0 |a International Journal of Social Research Methodology 
264 1 |a London  |b Taylor & Francis